[Event "Tournoi Skype 029B"]
[Site "Skype"]
[Date "????.??.??"]
[Round "1.75"]
[White "Solis, Denis"]
[Black "Swanepoel, Karel"]
[Result "1-0"]
[WhiteElo "1000"]
[BlackElo "1088"]
[PlyCount "115"]

1. e4 e5 2. Nf3 Nc6 3. Bc4 Nf6 4. d3 Bc5 5. O-O O-O 6. c3 Re8 7. b4 Bb6 8. b5
Ne7 9. Nxe5 d5 10. exd5 Nfxd5 11. h3 Be6 12. Qb3 a6 13. bxa6 bxa6 14. Qd1 Nf6
15. Bxe6 fxe6 16. Bb2 Rc8 17. c4 c5 18. Ng4 Nd7 19. Nh6+ gxh6 20. Qg4+ Ng6 21.
Nd2 Nf6 22. Qg3 Nh5 23. Qg4 Nf6 24. Qg3 h5 25. h4 Bc7 26. Qf3 Nxh4 27. Qe3 Nf5
28. Qg5+ Kf7 29. Nf3 h6 30. Bxf6 hxg5 31. Bxd8 Rcxd8 32. Rac1 Rxd3 33. Rfe1 g4
34. Ng5+ Kf6 35. Ne4+ Kf7 36. Nxc5 Rd2 37. Nxa6 Ba5 38. c5 Rxa2 39. c6 Bxe1 40.
Rxe1 Rxa6 41. c7 Rc6 42. Rd1 Rxc7 43. Rd3 e5 44. Rd5 h4 45. Kh2 Kg6 46. g3 h3
47. Rd1 e4 48. Rf1 Rc2 49. Kg1 Rh8 50. Kh2 Ne3 51. Re1 Rxf2+ 52. Kh1 Nc2 53.
Rxe4 Rf1+ 54. Kh2 Rf2+ 55. Kh1 Rd8 56. Re6+ Kf7 57. Re1 Nxe1 58. Kg1 1-0

[Event "Tournoi Skype 029B"]
[Site "Skype"]
[Date "????.??.??"]
[Round "1.76"]
[White "Montilla Bejarano, Carmen"]
[Black "Sosa, Aldo"]
[Result "1/2-1/2"]
[WhiteElo "1087"]
[BlackElo "1000"]
[PlyCount "91"]

1. e4 d5 2. e5 c5 3. d4 cxd4 4. Qxd4 Nc6 5. Qa4 Bd7 6. Qf4 e6 7. Nf3 Nb4 8. Na3
Qc7 9. c3 Nc6 10. b4 f6 11. Nb5 Qb8 12. Nd6+ Bxd6 13. exd6 e5 14. Qg3 Qxd6 15.
Qxg7 O-O-O 16. Qxh8 d4 17. b5 Na5 18. cxd4 exd4 19. Bd3 Re8+ 20. Kf1 Qb4 21.
Rb1 Qc3 22. Qxh7 Nc4 23. Bg6 Bxb5 24. Bxe8 Nd2+ 25. Kg1 Nxb1 26. Qxb1 Bxe8 27.
Bb2 Qb4 28. Qc2+ Bc6 29. Bxd4 a6 30. Qf5+ Bd7 31. Qc5+ Qxc5 32. Bxc5 f5 33. h4
Nf6 34. g3 Bc6 35. Kg2 b5 36. Rc1 Kd7 37. Bd4 Nh5 38. Rc3 Bd5 39. Kf1 b4 40.
Ne5+ Ke6 41. Re3 Kd6 42. a3 b3 43. Ke1 a5 44. a4 f4 45. gxf4 Nxf4 46. Rg3
1/2-1/2

[Event "Tournoi Skype 029B"]
[Site "Skype"]
[Date "????.??.??"]
[Round "1.77"]
[White "Souza, Jeferson De Oliveira"]
[Black "Tolaro, Filippa"]
[Result "0-1"]
[WhiteElo "1000"]
[BlackElo "1086"]
[PlyCount "96"]

1. e4 c6 2. Nf3 d5 3. e5 Bg4 4. d4 e6 5. c3 Bxf3 6. Qxf3 Nd7 7. Nd2 c5 8. dxc5
Bxc5 9. Bd3 Nxe5 10. Bb5+ Nd7 11. O-O Ngf6 12. b4 Bd6 13. Re1 O-O 14. c4 Ne5
15. Qe3 Neg4 16. Qh3 Qc7 17. Nf3 h6 18. Bxh6 Nxh6 19. cxd5 a6 20. Bd3 Bxb4 21.
Rac1 Qf4 22. Re3 Rfc8 23. g3 Rxc1+ 24. Kg2 Qg4 25. Qxg4 Nhxg4 26. Re2 exd5 27.
Bf5 g6 28. Bxg4 Nxg4 29. h3 Nf6 30. g4 Ne4 31. h4 Bd6 32. h5 gxh5 33. gxh5 Bf4
34. Nh4 Rc3 35. f3 Ng3 36. Rf2 Nxh5 37. Kh3 Bg3 38. Re2 Nf4+ 39. Kxg3 Nxe2+ 40.
Kg4 Kf8 41. Kf5 Nd4+ 42. Kg4 Re8 43. f4 Re4 44. a4 Ne6 45. Kf5 Rxf4+ 46. Ke5 d4
47. Nf5 Rc5+ 48. Kf6 Rfxf5# 0-1

[Event "Tournoi Skype 029B"]
[Site "Skype"]
[Date "????.??.??"]
[Round "1.78"]
[White "Ruiz Aguilera, Juan Jesus"]
[Black "Strydom, Brett"]
[Result "0-1"]
[WhiteElo "1083"]
[BlackElo "1000"]
[PlyCount "58"]

1. e4 e5 2. Nf3 d6 3. Bc4 c6 4. Nc3 Nf6 5. d3 Qa5 6. Bd2 Qc7 7. Ng5 h6 8. Nf3
Bg4 9. h3 Bh5 10. Ne2 Nbd7 11. Ng3 Bg6 12. Nh4 Bh7 13. Nh5 g6 14. Nxf6+ Nxf6
15. O-O Bg7 16. f4 O-O-O 17. f5 d5 18. exd5 cxd5 19. Bb3 e4 20. dxe4 dxe4 21.
Qe2 Rhe8 22. Bc3 g5 23. Bxf6 Bxf6 24. Ba4 Re7 25. Qe3 Bd4 26. Qxd4 Rxd4 27. f6
Re5 28. Rad1 Rxa4 29. b3 Rxa2 0-1

[Event "Tournoi Skype 029B"]
[Site "Skype"]
[Date "????.??.??"]
[Round "1.79"]
[White "Talarico, Izabel"]
[Black "Jimenez Del Rosario, Alsis Raynely"]
[Result "0-1"]
[WhiteElo "1000"]
[BlackElo "1082"]
[PlyCount "45"]

1. e4 e5 2. Nf3 Nc6 3. Bc4 a6 4. d3 b5 5. Bd5 Nf6 6. Bb3 d5 7. a3 dxe4 8. Nh4
exd3 9. Qd2 dxc2 10. Qc3 cxb1=Q 11. Rxb1 Nd4 12. Bd1 c5 13. Nf5 Nxf5 14. Bg5
Be7 15. O-O Ne4 16. Qxe5 Nd2 17. Qxg7 Nxg7 18. Bb3 Nxb1 19. Rxb1 Bxg5 20. h4
Bxh4 21. Re1+ Be6 22. Bxe6 fxe6 23. Re5 0-1

[Event "Tournoi Skype 029B"]
[Site "Skype"]
[Date "????.??.??"]
[Round "1.80"]
[White "Gomez Caballero, Blas"]
[Black "Talwalkar, Omkar Sameer"]
[Result "0-1"]
[WhiteElo "1081"]
[BlackElo "1000"]
[PlyCount "110"]

1. e4 e5 2. a3 Nf6 3. Nc3 d5 4. d3 dxe4 5. dxe4 Qxd1+ 6. Kxd1 Bc5 7. Be3 Bxe3
8. fxe3 Ng4 9. Kd2 Nf2 10. h3 Nxh1 11. g4 Nc6 12. Bg2 Ng3 13. Nf3 O-O 14. Ng5
f6 15. Nf3 Bd7 16. Ke1 Na5 17. Kf2 Nxe4+ 18. Nxe4 f5 19. gxf5 Bxf5 20. Nc5 Bxc2
21. Rc1 Bg6 22. Kg3 b6 23. Nd7 Rf5 24. Ndxe5 Bh5 25. Rxc7 Bxf3 26. Nxf3 Re8 27.
Kf2 Nb3 28. h4 Re4 29. Bh3 Rf6 30. Ke2 a5 31. Ng5 Nd4+ 32. Kd3 Rxh4 33. exd4 h6
34. Be6+ Kf8 35. Rf7+ Rxf7 36. Bxf7 hxg5 37. Be6 Ke7 38. Bb3 Rh3+ 39. Kc2 Rxb3
40. Kxb3 g4 41. Kc4 Kd6 42. Kd3 Kd5 43. Ke3 g5 44. Kf2 Kxd4 45. Kg3 Kd3 46. b3
Kc3 47. b4 axb4 48. axb4 Kxb4 49. Kxg4 b5 50. Kxg5 Kc3 51. Kf4 b4 52. Ke3 b3
53. Ke2 b2 54. Ke3 b1=Q 55. Kf4 Kd4 0-1

[Event "Tournoi Skype 029B"]
[Site "Skype"]
[Date "????.??.??"]
[Round "1.81"]
[White "Teixeira De Queiroz, Glaucia"]
[Black "Baker, Abi"]
[Result "1-0"]
[WhiteElo "1000"]
[BlackElo "1079"]
[PlyCount "59"]

1. e4 Nf6 2. d3 d5 3. Nd2 Bg4 4. Ngf3 Nc6 5. c3 Qd7 6. e5 Bxf3 7. Nxf3 Qe6 8.
d4 Ng4 9. Ng5 Qf5 10. Qd2 Nd8 11. Bd3 Qxf2+ 12. Qxf2 Nxf2 13. Kxf2 h6 14. Bb5+
c6 15. Ba4 hxg5 16. Bxg5 f6 17. exf6 gxf6 18. Bf4 Ne6 19. Bg3 Ng5 20. Bf4 Bh6
21. Bxg5 Bxg5 22. Rae1 b5 23. Bb3 f5 24. Re6 O-O-O 25. Rxc6+ Kb7 26. Rc5 a6 27.
Bxd5+ Kb6 28. Rc6+ Ka5 29. b4+ Ka4 30. Rxa6# 1-0

[Event "Tournoi Skype 029B"]
[Site "Skype"]
[Date "????.??.??"]
[Round "1.82"]
[White "Maccaferri, Massimo"]
[Black "Torres Moscol, Angel"]
[Result "0-1"]
[WhiteElo "1074"]
[BlackElo "1000"]
[PlyCount "68"]

1. e4 e5 2. Bc4 Nf6 3. Nc3 c6 4. Nf3 d6 5. Ng5 d5 6. exd5 cxd5 7. Bb5+ Nc6 8.
d4 Bd7 9. dxe5 Nxe5 10. Bxd7+ Qxd7 11. Qe2 Bd6 12. f4 O-O 13. fxe5 Rae8 14. Qb5
Rxe5+ 15. Kd1 Qg4+ 16. Nf3 Qxg2 17. Qf1 Qg4 18. Rg1 Qh5 19. Qg2 g6 20. h4 Bc5
21. Rf1 Rd8 22. Bd2 Ne4 23. Nxe4 dxe4 24. Kc1 exf3 25. Rxf3 Red5 26. Rd3 Rxd3
27. cxd3 Qd5 28. Qxd5 Rxd5 29. b4 Be7 30. Kc2 Bxh4 31. Rh1 Bf6 32. Re1 Rd8 33.
Bc3 Rc8 34. Kd2 Bxc3+ 0-1

[Event "Tournoi Skype 029B"]
[Site "Skype"]
[Date "????.??.??"]
[Round "1.84"]
[White "Schuh, David"]
[Black "Vasquez Donaire, Ivis Godofredo"]
[Result "0-1"]
[WhiteElo "1072"]
[BlackElo "1000"]
[PlyCount "64"]

1. d4 Nf6 2. c4 Nc6 3. Nf3 d6 4. Bf4 e5 5. dxe5 dxe5 6. Qxd8+ Nxd8 7. Bxe5 Be7
8. Bxc7 O-O 9. Nc3 Nc6 10. g3 Nb4 11. Bg2 Nc2+ 12. Kd2 Nxa1 13. Rxa1 Bb4 14. a3
Ne4+ 15. Ke3 Bxc3 16. bxc3 Nxc3 17. Ba5 Re8+ 18. Kd4 Nxe2+ 19. Kd3 Bf5+ 20. Kd2
b6 21. Bb4 Rad8+ 22. Ke1 Nc1+ 23. Kf1 Bd3+ 24. Kg1 Ne2+ 25. Kh1 Bxc4 26. Bf1 f5
27. Re1 a5 28. Bxe2 Bxe2 29. Rc1 Bxf3+ 30. Kg1 axb4 31. axb4 Re2 32. Kf1 Rde8
0-1

[Event "Tournoi Skype 029B"]
[Site "Skype"]
[Date "????.??.??"]
[Round "1.85"]
[White "Wildt, Gerti"]
[Black "Crocioni, Luca"]
[Result "0-1"]
[WhiteElo "1000"]
[BlackElo "1068"]
[PlyCount "78"]

1. d4 d5 2. Nf3 Nf6 3. Bf4 Bf5 4. e3 h6 5. Bd3 Bxd3 6. cxd3 e6 7. Nc3 Bd6 8.
O-O Nc6 9. Qb3 Bxf4 10. exf4 Na5 11. Qb5+ c6 12. Qa4 b5 13. Qc2 Qc7 14. Ne5 O-O
15. Rfe1 Rfd8 16. b4 Nb7 17. a3 a5 18. Qe2 axb4 19. Nd1 bxa3 20. Nc3 Re8 21.
Qf3 Nd6 22. Re3 Nf5 23. g4 Nxe3 24. Qxe3 Nh7 25. g5 hxg5 26. fxg5 b4 27. Ne2 b3
28. g6 fxg6 29. Nf4 g5 30. Nfg6 b2 31. Rb1 Qb7 32. Qd2 Nf6 33. Nc4 dxc4 34.
dxc4 g4 35. Qg5 a2 36. Rxb2 a1=Q+ 37. Kg2 Qbxb2 38. Kg3 Qg1+ 39. Kh4 Qbxf2# 0-1

[Event "Tournoi Skype 029B"]
[Site "Skype"]
[Date "????.??.??"]
[Round "2.1"]
[White "San Isidoro, Josep"]
[Black "Llabres, Sergio"]
[Result "0-1"]
[WhiteElo "1405"]
[BlackElo "1187"]
[PlyCount "116"]

1. d4 d5 2. e3 Bf5 3. Nf3 c6 4. c4 a6 5. Nbd2 Nf6 6. Qb3 Qc7 7. Be2 b5 8. cxb5
axb5 9. O-O e6 10. Ne5 Bd6 11. f4 Nbd7 12. Bd3 Bxd3 13. Qxd3 O-O 14. e4 Nxe4
15. Nxe4 dxe4 16. Qxe4 Rfc8 17. a3 Nf6 18. Qd3 Nd5 19. Bd2 Qb7 20. Rac1 c5 21.
dxc5 Bxc5+ 22. Kh1 Nf6 23. Be3 Bxe3 24. Qxe3 Rd8 25. Rfd1 Nd5 26. Qf3 b4 27.
axb4 Qb5 28. Rd4 Rdc8 29. Rxc8+ Rxc8 30. Rd1 Qxb4 31. Qf2 Nxf4 32. Nc6 Qb7 33.
Qxf4 Qxc6 34. Qd2 g6 35. h3 Qc2 36. Qxc2 Rxc2 37. Rb1 Kg7 38. b4 e5 39. b5 Rc8
40. Kg1 f5 41. b6 Rb8 42. b7 Kf7 43. Kf2 Ke7 44. Ke3 Kd7 45. g3 Kc7 46. Rb5 e4
47. g4 Rxb7 48. Rxb7+ Kxb7 49. g5 Kc7 50. h4 Kd7 51. Kd4 Ke7 52. Ke3 Kf7 53.
Kd4 Kg7 54. Ke3 h6 55. Kd4 h5 56. Ke3 Kf7 57. Kd4 Ke6 58. Ke3 Ke5 0-1

[Event "Tournoi Skype 029B"]
[Site "Skype"]
[Date "????.??.??"]
[Round "2.2"]
[White "Abate, Luigi"]
[Black "Harmelle, Dominique"]
[Result "0-1"]
[WhiteElo "1169"]
[BlackElo "1402"]
[PlyCount "60"]

1. c4 c5 2. e4 e5 3. Nf3 Nc6 4. Nc3 Nf6 5. d3 Be7 6. Be2 d6 7. b3 Bg4 8. h3 Bd7
9. Bb2 a6 10. O-O Nd4 11. Nxd4 cxd4 12. Nd5 Nxd5 13. cxd5 Rc8 14. Rc1 O-O 15.
f4 Qa5 16. a4 Rxc1 17. Bxc1 Rc8 18. Bg4 Bxg4 19. Qxg4 Qc7 20. Bb2 f6 21. h4 Qd8
22. Rf3 Rc2 23. f5 Rxb2 24. Rg3 Bf8 25. h5 Qc7 26. Qd1 Qc2 27. Qxc2 Rxc2 28. h6
Rc3 29. hxg7 Bxg7 30. Re3 dxe3 0-1

[Event "Tournoi Skype 029B"]
[Site "Skype"]
[Date "????.??.??"]
[Round "2.3"]
[White "Munoz Gonzalez, Martin"]
[Black "Martin, Jean-Claude"]
[Result "1-0"]
[WhiteElo "1400"]
[BlackElo "1184"]
[PlyCount "67"]

1. Nf3 d5 2. b3 Nf6 3. Bb2 c6 4. d3 Nbd7 5. g3 e6 6. Bg2 h6 7. Nbd2 Be7 8. O-O
O-O 9. e4 dxe4 10. dxe4 Rb8 11. Ne5 Nxe5 12. Bxe5 Bd6 13. Bb2 Bc5 14. e5 Ng4
15. Nf3 Bxf2+ 16. Rxf2 Nxf2 17. Kxf2 Qxd1 18. Rxd1 b5 19. Nd4 c5 20. Ne2 Ba6
21. Nc3 Rbd8 22. Rxd8 Rxd8 23. Ne4 b4 24. Nd6 Bc8 25. c4 a5 26. Nxc8 Rxc8 27.
Ke2 f6 28. exf6 g6 29. Be4 Rd8 30. Bxg6 Rf8 31. f7+ Rxf7 32. Bxf7+ Kxf7 33. Ke3
Kg6 34. Ke4 1-0

[Event "Tournoi Skype 029B"]
[Site "Skype"]
[Date "????.??.??"]
[Round "2.4"]
[White "Rivalta, Paolo"]
[Black "Escudero Ocana, Francisco"]
[Result "0-1"]
[WhiteElo "1142"]
[BlackElo "1395"]
[PlyCount "72"]

1. e4 e5 2. Nf3 d6 3. Bc4 Be7 4. O-O Bg4 5. h3 Bxf3 6. Qxf3 Nf6 7. d3 Nc6 8. c3
a6 9. a4 O-O 10. Be3 Na5 11. Ba2 b5 12. b4 Nb7 13. a5 c5 14. Nd2 cxb4 15. cxb4
Rc8 16. Rac1 Qd7 17. d4 exd4 18. Bxd4 Nd8 19. Rfd1 Ne6 20. Qe3 h5 21. Nf3 Nxd4
22. Rxd4 Rxc1+ 23. Qxc1 Rc8 24. Qd1 Qc6 25. Ng5 Qc2 26. Bxf7+ Kf8 27. Bxh5 Nxh5
28. Qxh5 Qc1+ 29. Rd1 Qxg5 30. Qf3+ Kg8 31. Rd5 Qf6 32. Qg4 Rc1+ 33. Kh2 Qxf2
34. Qe6+ Qf7 35. Qg4 Bf6 36. Rxd6 Be5+ 0-1

[Event "Tournoi Skype 029B"]
[Site "Skype"]
[Date "????.??.??"]
[Round "2.5"]
[White "Luna Perez Vico, Lorenzo"]
[Black "De Coninck, Philippe"]
[Result "0-1"]
[WhiteElo "1386"]
[BlackElo "1173"]
[PlyCount "88"]

1. e4 b6 2. d4 d5 3. exd5 Qxd5 4. Nc3 Qd8 5. Nf3 Nd7 6. Bc4 Bb7 7. Bd5 c6 8.
Bc4 e6 9. a3 Ngf6 10. Bf4 Rc8 11. O-O Be7 12. Re1 h6 13. Be2 g5 14. Be5 Nxe5
15. dxe5 Nd7 16. Ne4 g4 17. Nfd2 h5 18. Nc4 Kf8 19. Ncd6 Rb8 20. Nxb7 Rxb7 21.
Ba6 Rc7 22. Bf1 Nxe5 23. Qxd8+ Bxd8 24. Rad1 Rd7 25. Rxd7 Nxd7 26. Rd1 Ke7 27.
Be2 Bc7 28. g3 Rd8 29. Kf1 f5 30. Nc3 Be5 31. Rd3 Nc5 32. Rxd8 Kxd8 33. Nd1 Ne4
34. Ke1 c5 35. c3 Ke7 36. Ne3 f4 37. Nc4 Kf6 38. Nxe5 Kxe5 39. Bd3 fxg3 40.
fxg3 Kd5 41. Bxe4+ Kxe4 42. Ke2 c4 43. Kd2 Kf3 44. Ke1 e5 0-1

[Event "Tournoi Skype 029B"]
[Site "Skype"]
[Date "????.??.??"]
[Round "2.6"]
[White "Barrionuevo, Hilario"]
[Black "Vincent, Andre"]
[Result "1-0"]
[WhiteElo "1132"]
[BlackElo "1377"]
[PlyCount "43"]

1. d4 Nf6 2. c4 d5 3. Bf4 Bf5 4. Nc3 e6 5. c5 c6 6. e3 Nbd7 7. Nf3 Be7 8. Bd3
Bxd3 9. Qxd3 O-O 10. h4 Nh5 11. Ng5 g6 12. Ne2 Qa5+ 13. Kd1 b5 14. a3 Ndf6 15.
b4 Qd8 16. f3 a5 17. g4 Ng7 18. h5 Kh8 19. hxg6 fxg6 20. Qxg6 Qe8 21. Rxh7+
Nxh7 22. Qxh7# 1-0

[Event "Tournoi Skype 029B"]
[Site "Skype"]
[Date "????.??.??"]
[Round "2.7"]
[White "Loaisiga Perez, Carlos Alberto"]
[Black "Rodriguez, Nathalie"]
[Result "0-1"]
[WhiteElo "1374"]
[BlackElo "1167"]
[PlyCount "42"]

1. e4 c5 2. Nf3 Nc6 3. d4 cxd4 4. Nxd4 e5 5. Nb3 Nf6 6. Bg5 Be7 7. Bxf6 Bxf6 8.
Bc4 O-O 9. Nc3 a6 10. a4 Nd4 11. O-O Nxb3 12. Bxb3 d6 13. Nd5 Be6 14. Nxf6+
Qxf6 15. Qxd6 Bxb3 16. Qxf6 gxf6 17. cxb3 Rfd8 18. Rad1 Rxd1 19. Rxd1 Rc8 20.
g3 Rc2 21. Rc1 Rxc1+ 0-1

[Event "Tournoi Skype 029B"]
[Site "Skype"]
[Date "????.??.??"]
[Round "2.9"]
[White "Lopes, Marcia Maria"]
[Black "Mendoza Lainez, Ricardo Jose"]
[Result "1-0"]
[WhiteElo "1363"]
[BlackElo "1137"]
[PlyCount "87"]

1. d4 g6 2. Nf3 Bg7 3. Bf4 d6 4. e3 Nf6 5. h3 a6 6. Be2 Bf5 7. c4 Nc6 8. Nc3
Nb4 9. Rc1 Qd7 10. O-O O-O 11. a3 Bxh3 12. Nh4 Nc6 13. gxh3 Qxh3 14. Bg3 e6 15.
Bf3 Rae8 16. Bg2 Qg4 17. Qxg4 Nxg4 18. Bh3 Nh6 19. d5 Ne5 20. Ne2 g5 21. Bxe5
Bxe5 22. Nf3 Bf6 23. Nfd4 e5 24. Nf5 Kh8 25. Nxh6 g4 26. Nxg4 Rg8 27. Kh1 Bh4
28. Rg1 Rg6 29. f3 f5 30. Nh2 Rf6 31. Rg2 e4 32. f4 Ref8 33. Rcg1 Rg6 34. Rxg6
hxg6 35. Rxg6 Kh7 36. Rg2 Kh6 37. Nf1 Kh5 38. Nd4 b5 39. cxb5 axb5 40. Nxb5 Rb8
41. Nxc7 Rb3 42. Bxf5 Bd8 43. Ne6 Bb6 44. Rh2# 1-0

[Event "Tournoi Skype 029B"]
[Site "Skype"]
[Date "????.??.??"]
[Round "2.10"]
[White "Amato, Ludovica"]
[Black "Franca, Adilson Mendes"]
[Result "1-0"]
[WhiteElo "1346"]
[BlackElo "1131"]
[PlyCount "43"]

1. e4 e5 2. Nf3 Nc6 3. Bc4 Bc5 4. c3 Nf6 5. d3 d5 6. exd5 Nxd5 7. Qb3 Na5 8.
Qb5+ Nc6 9. Qxc5 Be6 10. O-O Qd7 11. Bb5 b6 12. Qxc6 Rd8 13. Qxd7+ Bxd7 14.
Bxd7+ Rxd7 15. Nxe5 Re7 16. Re1 f6 17. Nf3 Rxe1+ 18. Nxe1 O-O 19. Nd2 Re8 20.
Nef3 Nf4 21. d4 c5 22. Kf1 1-0

[Event "Tournoi Skype 029B"]
[Site "Skype"]
[Date "????.??.??"]
[Round "2.11"]
[White "Raudales, Victor"]
[Black "Vaquero, Roberto"]
[Result "1/2-1/2"]
[WhiteElo "1340"]
[BlackElo "1123"]
[PlyCount "117"]

1. e4 c5 2. Nf3 d6 3. h3 Nf6 4. Nc3 Be6 5. Bb5+ Nbd7 6. e5 dxe5 7. Nxe5 a6 8.
Bxd7+ Bxd7 9. d4 Qc7 10. O-O cxd4 11. Qxd4 Rd8 12. Bf4 Qc8 13. Rad1 Bb5 14.
Qxd8+ Qxd8 15. Rxd8+ Kxd8 16. Nxb5 axb5 17. Nxf7+ Ke8 18. Nxh8 g6 19. Rd1 Bg7
20. Bc7 Nd7 21. c3 Bxh8 22. Bf4 b4 23. c4 Bxb2 24. Rb1 Bc3 25. Bc7 h5 26. Ba5
Bd4 27. Rxb4 b6 28. Bxb6 Bxb6 29. a4 Bc5 30. Rb5 Kd8 31. a5 Kc7 32. a6 Bb6 33.
Kf1 Nc5 34. f4 Nxa6 35. Rg5 Be3 36. Rxg6 Nb4 37. Re6 Bxf4 38. Rxe7+ Kd6 39. Rh7
Nc6 40. Rxh5 Ne5 41. Rf5 Bc1 42. c5+ Ke6 43. g4 Ba3 44. h4 Nxg4 45. c6 Bd6 46.
Rg5 Ne5 47. h5 Nxc6 48. h6 Kf7 49. h7 Be5 50. Rxe5 Kg7 51. Rh5 Kh8 52. Ke2 Ne7
53. Ke3 Ng6 54. Ke4 Nf8 55. Kf5 Nd7 56. Kg6 Nf8+ 57. Kh6 Nd7 58. Rd5 Nf8 59.
Rd8 1/2-1/2

[Event "Tournoi Skype 029B"]
[Site "Skype"]
[Date "????.??.??"]
[Round "2.12"]
[White "More, Sanskruti"]
[Black "Duthoit, Bernard"]
[Result "1-0"]
[WhiteElo "1118"]
[BlackElo "1338"]
[PlyCount "83"]

1. e4 e6 2. d4 d5 3. Nc3 dxe4 4. Nxe4 Nf6 5. Bg5 Be7 6. Nxf6+ Bxf6 7. Bxf6 Qxf6
8. Nf3 Nc6 9. Bb5 Bd7 10. O-O O-O 11. Ne5 Qd8 12. Nxd7 Qxd7 13. c3 a6 14. Bd3
Qe7 15. Re1 Qf6 16. Qe2 Rad8 17. Qe4 g6 18. Re3 Qf5 19. Qh4 Qh5 20. Qxh5 gxh5
21. Rh3 Rd5 22. Be4 Rg5 23. f4 Rg7 24. Rxh5 f5 25. Bxc6 bxc6 26. Re1 Rf6 27.
Re5 Rfg6 28. Rg5 Rxg5 29. fxg5 Rxg5 30. Rxe6 Rg6 31. Rxg6+ hxg6 32. b4 Kf7 33.
Kf2 Ke6 34. Ke3 g5 35. g3 Kd5 36. Kd3 g4 37. c4+ Ke6 38. a4 Kd6 39. a5 Ke6 40.
b5 cxb5 41. cxb5 axb5 42. a6 1-0

[Event "Tournoi Skype 029B"]
[Site "Skype"]
[Date "????.??.??"]
[Round "2.13"]
[White "Ibanez, Bittor"]
[Black "Guillaume, Mickael"]
[Result "0-1"]
[WhiteElo "1330"]
[BlackElo "1106"]
[PlyCount "88"]

1. c4 e5 2. e4 Nf6 3. d3 Bb4+ 4. Bd2 Nc6 5. a3 Bxd2+ 6. Qxd2 Nd4 7. Qd1 c5 8.
Ne2 b6 9. Nxd4 cxd4 10. Be2 O-O 11. Nd2 Bb7 12. Nf3 d6 13. O-O Rc8 14. Nh4 Qd7
15. Nf5 g6 16. Nh6+ Kg7 17. Bg4 Nxg4 18. Nxg4 f5 19. f4 fxg4 20. f5 gxf5 21.
Rxf5 Rxf5 22. Qxg4+ Kh8 23. Qxf5 Qxf5 24. exf5 Rg8 25. g3 e4 26. Rf1 exd3 27.
Rf4 Bc8 28. Kf1 Re8 29. Rxd4 Bxf5 30. Rxd6 Bh3+ 31. Kf2 Re2+ 32. Kf3 Bg2+ 33.
Kf4 d2 34. h4 Kg7 35. g4 Kf7 36. g5 Be4 37. b4 Bc2 38. c5 d1=Q 39. Rxd1 Bxd1
40. c6 Re7 41. Kf5 Ba4 42. h5 Bxc6 43. g6+ hxg6+ 44. hxg6+ Kg7 0-1

[Event "Tournoi Skype 029B"]
[Site "Skype"]
[Date "????.??.??"]
[Round "2.14"]
[White "Delgado, Bryan"]
[Black "Lago Carballo, Maria Del Carmen"]
[Result "0-1"]
[WhiteElo "1089"]
[BlackElo "1328"]
[PlyCount "76"]

1. d4 d5 2. Nf3 Nf6 3. c4 e6 4. Bg5 Be7 5. e3 h6 6. Bh4 c6 7. Qc2 Nbd7 8. Bd3
Qa5+ 9. Nbd2 Bb4 10. O-O dxc4 11. Nxc4 Qd8 12. Nd6+ Bxd6 13. Nd2 Be7 14. f4 Ng4
15. Bg3 Nxe3 16. Qb3 Nxf1 17. Rxf1 Nf6 18. Be2 Qxd4+ 19. Bf2 Qxd2 20. Bf3 O-O
21. Rd1 Qxf4 22. Be3 Qe5 23. Bd4 Bc5 24. Qc3 Bxd4+ 25. Qxd4 Qxd4+ 26. Rxd4 Nd5
27. Be4 f5 28. Bb1 b6 29. Rh4 Bb7 30. g4 Ne3 31. gxf5 Nxf5 32. Bxf5 Rxf5 33.
Rd4 Rd5 34. Re4 e5 35. Rg4 Rf8 36. Kg2 Rd2+ 37. Kg3 c5 38. h4 Rf3# 0-1

[Event "Tournoi Skype 029B"]
[Site "Skype"]
[Date "????.??.??"]
[Round "2.15"]
[White "Tolaro, Filippa"]
[Black "Codina, Teresa"]
[Result "1-0"]
[WhiteElo "1086"]
[BlackElo "1310"]
[PlyCount "125"]

1. d4 Nf6 2. Nf3 d5 3. Bf4 e6 4. e3 Nh5 5. Bg5 Be7 6. Bxe7 Qxe7 7. Bd3 Nf6 8.
c3 Nbd7 9. Nbd2 b6 10. O-O Bb7 11. Ne5 O-O 12. f4 c5 13. Ndf3 Rac8 14. Bb5 Nb8
15. Qc2 cxd4 16. exd4 h6 17. Bd3 Ne4 18. Rae1 f5 19. Ng6 Qd6 20. Nxf8 Qxf8 21.
Ne5 Qe8 22. Qb3 Nd2 23. Bb5 Nxb3 24. Bxe8 Nd2 25. Rf2 Ne4 26. Bf7+ Kf8 27. Rfe2
Rc7 28. Bxe6 Bc8 29. Bxc8 Rxc8 30. g4 fxg4 31. Nxg4 Nd7 32. Nf2 Ndf6 33. Nxe4
Nxe4 34. Rg2 Rc6 35. f5 b5 36. Rg6 Rc4 37. Re6 Kf7 38. Re5 Nf6 39. Rc1 b4 40.
b3 Rxc3 41. Rxc3 bxc3 42. Re1 Ne4 43. a4 a5 44. Rb1 Kf6 45. b4 axb4 46. Rxb4
Kxf5 47. Rb1 g5 48. a5 c2 49. Rc1 g4 50. Rxc2 g3 51. a6 gxh2+ 52. Rxh2 Nd6 53.
Rxh6 Nb5 54. Rh5+ Ke4 55. Kf2 Kxd4 56. Ke2 Kc4 57. Rh6 d4 58. Kd2 Na7 59. Rh4
Nb5 60. Re4 Na7 61. Re7 Nb5 62. a7 Nxa7 63. Rxa7 1-0

[Event "Tournoi Skype 029B"]
[Site "Skype"]
[Date "????.??.??"]
[Round "2.16"]
[White "Jimenez Del Rosario, Alsis Raynely"]
[Black "Hargez, Dany"]
[Result "1/2-1/2"]
[WhiteElo "1082"]
[BlackElo "1296"]
[PlyCount "36"]

1. e4 d5 2. exd5 Qxd5 3. Nc3 Qd8 4. Nf3 Bg4 5. Be2 e5 6. Nxe5 Bxe2 7. Nxe2 Qd5
8. Nf3 Nf6 9. Nc3 Qd8 10. d4 Bb4 11. Bd2 O-O 12. d5 Re8+ 13. Ne2 Bxd2+ 14. Qxd2
Nxd5 15. O-O-O c6 16. c4 Re4 17. cxd5 Rc4+ 18. Kb1 cxd5 1/2-1/2

[Event "Tournoi Skype 029B"]
[Site "Skype"]
[Date "????.??.??"]
[Round "2.17"]
[White "Yepes Bermudez, Maribel"]
[Black "Ortis, Yves"]
[Result "1-0"]
[WhiteElo "1287"]
[BlackElo "1096"]
[PlyCount "41"]

1. e4 c6 2. d4 e6 3. Nf3 Bb4+ 4. Nc3 c5 5. a3 Qa5 6. Be3 cxd4 7. Bxd4 Be7 8.
Bxg7 Bf6 9. b4 Qb6 10. Bxh8 Bxh8 11. e5 f6 12. Nb5 Nh6 13. Nd6+ Kd8 14. h3 Qa5
15. bxa5 Nc6 16. Qd2 a6 17. Qxh6 Nxe5 18. Nxe5 fxe5 19. Qf8+ Kc7 20. Nc4 Kc6
21. Qd6+ 1-0

[Event "Tournoi Skype 029B"]
[Site "Skype"]
[Date "????.??.??"]
[Round "2.18"]
[White "Crocioni, Luca"]
[Black "Ponz Lazaro, Ruperto"]
[Result "1/2-1/2"]
[WhiteElo "1068"]
[BlackElo "1285"]
[PlyCount "82"]

1. e4 d5 2. e5 Bf5 3. d4 e6 4. g4 Bg6 5. h4 h5 6. Bd3 Bxd3 7. Qxd3 hxg4 8. Qg3
Nh6 9. Bxh6 Rxh6 10. Qxg4 Rg6 11. Qh5 Rh6 12. Qg4 Rg6 13. Qf3 Nc6 14. c3 Ne7
15. Ne2 Nf5 16. h5 Rh6 17. Nd2 Be7 18. Ng3 Qd7 19. Qg4 g6 20. Nxf5 exf5 21. Qe2
O-O-O 22. Qe3 Rdh8 23. O-O-O Rxh5 24. Rhf1 Bg5 25. f4 Be7 26. Nf3 Qd8 27. e6 f6
28. Rg1 R8h6 29. Qe2 Qd6 30. Qd2 Rh3 31. Rdf1 Qxe6 32. Qd1 Qe3+ 33. Nd2 Qe6 34.
Qa4 Qc6 35. Qxa7 Qb6 36. Qa4 c6 37. Re1 Kd7 38. Nb3 Qa6 39. Qxa6 bxa6 40. a4
Bd6 41. Rgf1 Rh7 1/2-1/2

[Event "Tournoi Skype 029B"]
[Site "Skype"]
[Date "????.??.??"]
[Round "2.19"]
[White "Bucherie, Volcy"]
[Black "Funez, Lilian"]
[Result "0-1"]
[WhiteElo "1274"]
[BlackElo "1088"]
[PlyCount "64"]

1. Nf3 Nc6 2. g3 Nf6 3. Bg2 e5 4. O-O Be7 5. d4 exd4 6. Nxd4 Nxd4 7. Qxd4 O-O
8. e4 c5 9. Qc4 d6 10. h3 Be6 11. Qb5 Qc8 12. Bg5 a6 13. Qa5 Bd8 14. Qd2 Bxh3
15. Qxd6 Bxg2 16. Kxg2 Nxe4 17. Qe5 Nxg5 18. f4 Qh3+ 19. Kg1 Qxg3+ 20. Kh1 Qh4+
21. Kg2 Qg4+ 22. Kh2 Qh5+ 23. Kg3 Qh3+ 24. Kf2 Nf3 25. Qxc5 Bh4+ 26. Ke2 Rae8+
27. Kd3 Ng5+ 28. Kd4 Qe3+ 29. Kd5 Qe4+ 30. Kd6 Qe6+ 31. Kc7 Re7+ 32. Qxe7 Qc6#
0-1

[Event "Tournoi Skype 029B"]
[Site "Skype"]
[Date "????.??.??"]
[Round "2.20"]
[White "Bland, Marilyn"]
[Black "Vervoort, Jean-Louis"]
[Result "0-1"]
[WhiteElo "1065"]
[BlackElo "1273"]
[PlyCount "62"]

1. e4 e5 2. Bc4 Nf6 3. d3 Bc5 4. Qd2 Ng4 5. f3 Nf2 6. b4 Bd4 7. c3 Nxh1 8. cxd4
exd4 9. Bb2 d6 10. Bxd4 Qh4+ 11. g3 Nxg3 12. e5 Ne4+ 13. Kf1 Nxd2+ 14. Nxd2
Qxd4 15. Re1 dxe5 16. Re4 Qa1+ 17. Kf2 Qb2 18. Ke2 Qc1 19. Rxe5+ Kd8 20. Nf1
Re8 21. Rxe8+ Kxe8 22. Bb5+ Kf8 23. Bc4 Be6 24. Bxe6 fxe6 25. Nh3 Qb2+ 26. Ke3
Nc6 27. Ng5 Qe5+ 28. Ne4 Rd8 29. f4 Qd4+ 30. Kf3 Qxd3+ 31. Ne3 Nd4+ 0-1